书目信息 |
| 题名: |
中国羽绒服发展15年
|
|
| 作者: | 王耀 主编 | |
| 分册: | ||
| 出版信息: | 北京 中国经济出版社 2008.11 |
|
| 页数: | 104页 | |
| 开本: | 28cm | |
| 丛书名: | ||
| 单 册: | ||
| 中图分类: | F426.86 | |
| 科图分类: | ||
| 主题词: | 工业经济--中国 | |
| 电子资源: | ||
| ISBN: | 978-7-5017-8839-2 | |
| 000 | 00600nam0 2200205 450 | |
| 001 | 0938263539 | |
| 005 | 20091221104032.02 | |
| 010 | @a978-7-5017-8839-2@dCNY76.00 | |
| 100 | @a20091221d2008 km y0chiy0120 ea | |
| 101 | 0 | @achi |
| 102 | @aCN@b110000 | |
| 200 | 1 | @a中国羽绒服发展15年@Azhong guo yu rong fu fa zhan 15 nian@e1993-2007@f王耀主编@Fwang yao zhu bian |
| 210 | @a北京@c中国经济出版社@d2008.11 | |
| 215 | @a104页@d28cm | |
| 517 | 1 | @a1993-2007 |
| 606 | 0 | @a工业经济@x中国 |
| 690 | @aF426.86@v5 | |
| 701 | 0 | @a王耀@Awang yao@4主编 |
| 801 | 0 | @aCN@bNISOFT@c20091221 |
| 905 | @aBZT@dF426.86@e1 | |
| 中国羽绒服发展15年:1993-2007/王耀主编.-北京:中国经济出版社,2008.11 |
| 104页;28cm |
| ISBN 978-7-5017-8839-2:CNY76.00 |
| ● |
| 相关链接 |
|
|
|
正题名:中国羽绒服发展15年
索取号:F426.86/1
 
预约/预借
| 序号 | 登录号 | 条形码 | 馆藏地/架位号 | 状态 | 备注 |
| 1 | 2001741220 | 2001741220 | 样本书库/样004架A面5层1列/ [索取号:F426.86/1] | 在馆 | |
| 2 | 729036 | 2000729036 | 中心书库北库/ 北库017架B面5列4层3/ [索取号:F426.86/1] | 在馆 | |
| 3 | 729037 | 2000729037 | 中心书库北库/ 北库017架B面5列4层4/ [索取号:F426.86/1] | 在馆 | |
| 4 | 729038 | 2000729038 | 中心书库北库/ 北库017架B面5列4层5/ [索取号:F426.86/1] | 在馆 | |
| 5 | 729039 | 2000729039 | 中心书库北库/ 北库017架B面5列4层1/ [索取号:F426.86/1] | 在馆 | |
| 6 | 789327 | 2000789327 | 中心书库北库/ 北库020架A面1列1层5/ [索取号:F426.86/1] | 在馆 | |
| 7 | 789328 | 2000789328 | 中心书库北库/ 北库017架B面5列4层2/ [索取号:F426.86/1] | 在馆 | |
| 8 | 789329 | 2000789329 | 中心书库北库/ 北库020架A面1列1层4/ [索取号:F426.86/1] | 在馆 | |
| 9 | 789330 | 2000789330 | 中心书库北库/ 北库020架A面1列1层3/ [索取号:F426.86/1] | 在馆 | |
| 10 | 789331 | 2000789331 | 中心书库北库/ 北库020架A面1列1层2/ [索取号:F426.86/1] | 在馆 | |
| 11 | 789332 | 2000789332 | 中心书库北库/ 北库020架A面1列1层1/ [索取号:F426.86/1] | 在馆 |